000 00733nam a2200265Ia 4500
008 160319s9999 xx 000 0 und d
020 _a971-08-4343-5
050 _aFIL PE 1065
050 _b.F47 2005
100 _aFernando, Jovita N.
245 _aCollege English for today :
245 _bbook 2 /
245 _cJovita N. Fernando, Pacita L. Habana, Alicia L. Cinco.
250 _aRevised Edition
260 _aMandaluyong:
260 _bNational Book Store,
260 _c2005
300 _a389 pages :
300 _billustrations ;
300 _c22 cm.
500 _aIncludes bibliographical references.
650 _aComposition.
650 _aEnglish language -- Grammar.
650 _xLanguage usage.
999 _c291778
_d291778